Giải tích số

Wedi'i Gadw mewn:
Manylion Llyfryddiaeth
Prif Awdur: Nguyễn, Minh Chương
Fformat: Llyfr
Iaith:Undetermined
Cyhoeddwyd: Hà Nội Giáo Dục 2003
Pynciau:
Tagiau: Ychwanegu Tag
Dim Tagiau, Byddwch y cyntaf i dagio'r cofnod hwn!
Thư viện lưu trữ: Trung tâm Học liệu Trường Đại học Cần Thơ
LEADER 00602nam a2200217Ia 4500
001 CTU_45264
008 210402s9999 xx 000 0 und d
020 |c 28200 
082 |a 515 
082 |b Ch561 
100 |a Nguyễn, Minh Chương 
245 0 |a Giải tích số 
245 0 |c Nguyễn Minh Chương [et al.] 
260 |a Hà Nội 
260 |b Giáo Dục 
260 |c 2003 
526 |a Giải tích số,Giải tích số 
526 |b SP082,TN635 
650 |a Numerical analysis 
904 |i Minh 
980 |a Trung tâm Học liệu Trường Đại học Cần Thơ